Statistiques concernant Pays plus petits que le Luxembourg

Cliquez ici pour prendre le quiz!

Statistiques générales

  • Ce quiz a été pris 218 fois
  • Le résultat moyen est 17 sur 28

Statistiques - réponses

superficie en km²Pays% Correct
0,44Vatican
94%
468Andorre
89%
2Monaco
86%
61Saint Marin
86%
160Liechtenstein
83%
26Tuvalu
69%
21Nauru
65%
539Sainte Lucie
65%
199Samoa
61%
747Tonga
60%
316Malte
59%
452Seychelles
57%
710Singapour
56%
751Dominique
53%
2040Île Maurice
53%
459Palaos
53%
181Iles Marshall
52%
430Barbade
51%
2236Comores
51%
344Grenade
51%
702Micronésie
51%
964Sao Tomé et Principe
51%
442Antigua et Barbuda
50%
726Kiribati
49%
758Bahreîn
44%
300Maldives
42%
261Saint Chrisophe et Niévès
37%
389Saint Vincent et les Grenadines
36%

Distribution des résultats

Percentile par nombre de réponses

% des personnes avec chaque résultat

Votre développement - résultats

Vous n’avez pas pris ce quiz